000 01028pam a2200301 a 4500
999 _c6197
_d6197
001 1896225
003 GZU
005 20210420111653.0
008 840601s1984 enka b 001 0 eng
010 _a 84012549
020 _a0582305306 (pbk.) :
_c£12.00 (est.)
040 _aDLC
_cDLC
_dDLC
050 0 0 _aTA340
_b.NEW 1984
050 0 0 _aQA935
_bNEW 1984
100 1 _aNewland, D. E.
_q(David Edward)
_eauthor
245 1 3 _aAn introduction to random vibrations and spectral analysis /
_cD.E. Newland.
250 _a2nd ed.
260 _aLondon ;
_aNew York :
_bLongman,
_c1984.
300 _axxvi, 377 p. :
_bill. ;
_c24 cm.
500 _aSpine title: Random vibrations and spectral analysis.
500 _aIncludes index.
504 _aBibliography: p. [367]-372.
650 0 _aRandom vibration.
650 0 _aSpectral theory (Mathematics)
_xData processing.
740 0 _aRandom vibrations and spectral analysis.
906 _a7
_bcbc
_corignew
_d1
_eocip
_f19
_gy-gencatlg
942 _2lcc
_cBK
_e2nd edition
_h340
_iNEW
_kTA